ბათუმის შოთა რუსთაველის სახელმწიფო უნივერსიტეტის ბიბლიოთეკა

Полезные ископаемые Кавказа / (ბიბ.ჩანაწერი № 60777)

000 -LEADER
fixed length control field 00543nam a22001577a 4500
005 - DATE AND TIME OF LATEST TRANSACTION
control field 20231020110630.0
008 - FIXED-LENGTH DATA ELEMENTS--GENERAL INFORMATION
fixed length control field 231020s1979 ru ||||| |||| 00| 0 rus d
041 ## - LANGUAGE CODE
Language code of text/sound track or separate title rus
080 ## - UNIVERSAL DECIMAL CLASSIFICATION NUMBER
Universal Decimal Classification number 553(479) C-91
100 ## - MAIN ENTRY--PERSONAL NAME
Personal name Сухарев, Г.М.
9 (RLIN) 20156
245 ## - TITLE STATEMENT
Title Полезные ископаемые Кавказа /
Statement of responsibility, etc. Г.М. Сухарев, Ю.К. Тарануха.
264 ## - PRODUCTION, PUBLICATION, DISTRIBUTION, MANUFACTURE, AND COPYRIGHT NOTICE
Place of production, publication, distribution, manufacture Москва:
Name of producer, publisher, distributor, manufacturer Недра,
Date of production, publication, distribution, manufacture, or copyright notice 1979.
300 ## - PHYSICAL DESCRIPTION
Extent 175 с.:
Other physical details ил. ;
Dimensions 20 cm.
700 ## - ADDED ENTRY--PERSONAL NAME
Personal name Тарануха, Ю.К.
Relator term ავტორი
9 (RLIN) 20157
942 ## - ADDED ENTRY ELEMENTS (KOHA)
Source of classification or shelving scheme
Koha item type წიგნი
ეგზემპლარები
Withdrawn status Lost status Source of classification or shelving scheme Damaged status Not for loan Permanent Location Current Location Shelving location Date acquired Cost, normal purchase price Full call number Barcode Date last seen Copy number Uniform Resource Identifier Price effective from Koha item type Public note
          ბათუმის შოთა რუსთაველის სახელმწიფო უნივერსიტეტის მთავარი ბიბლიოთეკა ბათუმის შოთა რუსთაველის სახელმწიფო უნივერსიტეტის მთავარი ბიბლიოთეკა წიგნსაცავი 2023-10-20 5.00 553(479) C-91 65361 2023-10-20 65361 ბსუ-ს საპატიო დოქტორის გურამ ლორთქიფანიძის საჩუქარი 2023-10-20 წიგნი 5 ლ.